[Event "Mistrzostwa Woj. Podkarpackiego w szacha"]
[Site "Pstragowa"]
[Date "2015.??.??"]
[Round "9.1"]
[White "Kozak, Antoni"]
[Black "Pulik, Krzysztof"]
[Result "0-1"]
[WhiteElo "1440"]
[BlackElo "2117"]
[PlyCount "94"]
[EventDate "2015.??.??"]

1. Nf3 d5 2. c4 e6 3. g3 c5 4. cxd5 exd5 5. d4 Nc6 6. Bg2 Nf6 7. Nc3 Be7 8. Bg5
c4 9. O-O O-O 10. Ne5 Be6 11. f4 h6 12. Bxf6 Bxf6 13. f5 Bxe5 14. dxe5 Qb6+ 15.
Kh1 Qxb2 16. fxe6 fxe6 17. Nxd5 Rfd8 18. Qa4 exd5 19. e4 Nxe5 20. Rab1 Qd4 21.
exd5 Nd3 22. h3 Rab8 23. Kh2 a6 24. Rf3 Rd6 25. Qa3 Qe5 26. Rf5 Qxf5 27. Qxd6
Qe5 28. Qd7 Nc5 29. Qg4 b5 30. Rd1 Rd8 31. d6 Rxd6 32. Qc8+ Kf7 33. Rxd6 Qxd6
34. Qf5+ Ke7 35. Bd5 Ne6 36. Bxe6 Qxe6 37. Qc5+ Kf7 38. Qf2+ Kg8 39. Qd2 Qc6
40. Qd8+ Kh7 41. h4 c3 42. Qd3+ Kg8 43. Qc2 b4 44. Kh3 a5 45. Kg4 Qd5 46. Qe2
Qd7+ 47. Kf3 Qc6+ 0-1

[Event "Mistrzostwa Woj. Podkarpackiego w szacha"]
[Site "Pstragowa"]
[Date "2015.??.??"]
[Round "9.2"]
[White "Czopor, Maciej"]
[Black "Babiarz, Mariusz"]
[Result "1/2-1/2"]
[WhiteElo "1714"]
[BlackElo "1912"]
[PlyCount "61"]
[EventDate "2015.??.??"]

1. e4 c5 2. c3 d5 3. exd5 Qxd5 4. d4 e6 5. Nf3 Nf6 6. Be2 Be7 7. O-O O-O 8. c4
Qd8 9. Nc3 cxd4 10. Qxd4 Qxd4 11. Nxd4 a6 12. Be3 Nbd7 13. Rad1 Bc5 14. Nc2
Bxe3 15. Nxe3 b6 16. Rd6 Ra7 17. Rfd1 Rc7 18. f4 g6 19. Bf3 Bb7 20. Bxb7 Rxb7
21. g3 Rc8 22. b4 Kf8 23. Kg2 Ke7 24. Kf3 Ne8 25. R6d2 Ndf6 26. Rd4 h5 27. Ne4
Nxe4 28. Kxe4 Nf6+ 29. Kf3 Rd7 30. Rxd7+ Nxd7 31. Ke4 1/2-1/2

[Event "Mistrzostwa Woj. Podkarpackiego w szacha"]
[Site "Pstragowa"]
[Date "2015.??.??"]
[Round "9.3"]
[White "Wasik, Roman"]
[Black "Mis, Mieszko"]
[Result "0-1"]
[WhiteElo "1551"]
[BlackElo "1819"]
[PlyCount "64"]
[EventDate "2015.??.??"]

1. Nf3 Nf6 2. c4 g6 3. d4 Bg7 4. Nc3 O-O 5. e4 d6 6. Be2 e5 7. O-O Nc6 8. d5
Ne7 9. b4 a5 10. Ba3 Nd7 11. bxa5 Rxa5 12. Bb4 Ra8 13. a4 h6 14. a5 f5 15. Nd2
fxe4 16. Ndxe4 Nf5 17. c5 Nf6 18. c6 bxc6 19. dxc6 Nd4 20. Nxf6+ Bxf6 21. Bc4+
Kh7 22. Qa4 Bh4 23. Nd5 Qg5 24. Ra3 Bf5 25. a6 Be4 26. f3 Nxf3+ 27. Raxf3 Bxf3
28. Qc2 Bxd5 29. Rxf8 Rxf8 30. Bb5 Qe3+ 31. Kh1 Rf2 32. Qd3 Rxg2 0-1

[Event "Mistrzostwa Woj. Podkarpackiego w szacha"]
[Site "Pstragowa"]
[Date "2015.??.??"]
[Round "9.4"]
[White "Kozubal, Aleksandra"]
[Black "Gaj, Szymon"]
[Result "1/2-1/2"]
[WhiteElo "1554"]
[BlackElo "1753"]
[PlyCount "87"]
[EventDate "2015.??.??"]

1. d4 g6 2. c4 Bg7 3. Nc3 c5 4. Nf3 cxd4 5. Nxd4 d6 6. e4 Nc6 7. Be3 Nf6 8. Be2
O-O 9. O-O Bd7 10. Qd2 Ng4 11. Bxg4 Bxg4 12. f3 Bd7 13. Rad1 Ne5 14. b3 a6 15.
h3 Re8 16. f4 Nc6 17. Nd5 Rb8 18. Qf2 b5 19. cxb5 axb5 20. f5 Ne5 21. Nxe7+
Qxe7 22. f6 Bxf6 23. Qxf6 Nc6 24. Nxc6 Bxc6 25. Qxe7 Rxe7 26. Rxd6 Bxe4 27. Bg5
Rc7 28. Rd4 Re8 29. Re1 f5 30. Red1 Rc2 31. R4d2 Rec8 32. Rd8+ Rxd8 33. Rxd8+
Kf7 34. Rd2 Ke6 35. Rxc2 Bxc2 36. Kf2 Ke5 37. Ke3 Kd5 38. Be7 Bb1 39. a4 Ba2
40. axb5 Bxb3 41. b6 Kc6 42. Bd8 Bc4 43. h4 Bd5 44. g3 1/2-1/2

[Event "Mistrzostwa Woj. Podkarpackiego w szacha"]
[Site "Pstragowa"]
[Date "2015.??.??"]
[Round "9.5"]
[White "Nowakowski, Jacek"]
[Black "Swiech, Joanna"]
[Result "1/2-1/2"]
[WhiteElo "1677"]
[BlackElo "1729"]
[PlyCount "57"]
[EventDate "2015.??.??"]

1. d4 d5 2. Bg5 Nf6 3. f3 e6 4. e3 Be7 5. Bd3 Nbd7 6. Ne2 O-O 7. O-O c5 8. c3
a6 9. e4 cxd4 10. cxd4 Nb6 11. Qc2 h6 12. Bf4 dxe4 13. fxe4 Nbd7 14. Bc7 Qe8
15. Nbc3 b5 16. e5 Nd5 17. Nxd5 exd5 18. Nf4 Bd8 19. Nxd5 Bb7 20. Bxd8 Bxd5 21.
Ba5 Rc8 22. Qf2 Qe6 23. Bc3 Bc4 24. Qe2 Nb6 25. Qe4 Bxd3 26. Qxd3 Rc7 27. Ba5
Rd7 28. Bxb6 Qxb6 29. Rad1 1/2-1/2

[Event "Mistrzostwa Woj. Podkarpackiego w szacha"]
[Site "Pstragowa"]
[Date "2015.??.??"]
[Round "9.6"]
[White "Kucharski, Bartlomiej"]
[Black "Babiarz, Arkadiusz"]
[Result "0-1"]
[WhiteElo "1454"]
[BlackElo "1471"]
[PlyCount "90"]
[EventDate "2015.??.??"]

1. e4 c5 2. Nc3 e6 3. f4 d5 4. d3 Nc6 5. Nf3 Nge7 6. g3 g6 7. Bg2 Bg7 8. O-O
O-O 9. Kh1 f5 10. e5 d4 11. Nb5 Bd7 12. Nd2 Nxe5 13. fxe5 Bxb5 14. Bxb7 Bc6+
15. Bxc6 Nxc6 16. Nc4 Nxe5 17. Nxe5 Bxe5 18. Qe2 Qd5+ 19. Kg1 Bf6 20. Bh6 Rfe8
21. a3 e5 22. b3 e4 23. Rae1 e3 24. a4 Bd8 25. Rd1 Ba5 26. Rf3 Bd2 27. Rff1 Qb7
28. Rxd2 exd2 29. Qxd2 Re6 30. Re1 Rae8 31. Rxe6 Rxe6 32. Qa5 Qe7 33. Qd2 Re2
34. Qf4 Qe3+ 35. Qxe3 dxe3 36. Kf1 Rxh2 37. Bxe3 Rxc2 38. d4 Rc3 39. Bf2 cxd4
40. Bxd4 Rxg3 41. Bxa7 Rxb3 42. a5 Ra3 43. Bb6 g5 44. Kg2 h5 45. Kf2 f4 0-1

[Event "Mistrzostwa Woj. Podkarpackiego w szacha"]
[Site "Pstragowa"]
[Date "2015.??.??"]
[Round "9.7"]
[White "Czernikowska, Laura"]
[Black "Dzwierzynski, Bartosz"]
[Result "1/2-1/2"]
[WhiteElo "1175"]
[BlackElo "1411"]
[PlyCount "60"]
[EventDate "2015.??.??"]

1. d4 d5 2. c4 e6 3. Nf3 f5 4. Nc3 c6 5. e3 Nf6 6. Bd3 Bd6 7. b3 O-O 8. O-O Ne4
9. Bb2 Bd7 10. c5 Bc7 11. Bc2 Be8 12. Nd2 Qh4 13. h3 Qh6 14. Bd3 Bh5 15. Be2
Bxe2 16. Qxe2 Nd7 17. Ncxe4 fxe4 18. a3 Rf7 19. b4 Raf8 20. Nb3 e5 21. Rad1
exd4 22. Bxd4 Be5 23. Bxe5 Nxe5 24. Nd4 Nd3 25. f3 Ne5 26. f4 Nd3 27. Nb3 Qh4
28. Nc1 Nxc1 29. Rxc1 Rf6 30. Qf2 Qxf2+ 1/2-1/2

[Event "Mistrzostwa Woj. Podkarpackiego w szacha"]
[Site "Pstragowa"]
[Date "2015.??.??"]
[Round "9.8"]
[White "Kadziela, Andrzej"]
[Black "Branowski, Mieczyslaw Wiliam"]
[Result "0-1"]
[WhiteElo "1561"]
[BlackElo "2159"]
[PlyCount "47"]
[EventDate "2015.??.??"]

1. d4 e6 2. Nf3 f5 3. d5 Bd6 4. c4 Nf6 5. a3 O-O 6. b4 b6 7. Bb2 a5 8. b5 Qe7
9. Nc3 Bb7 10. e3 c6 11. dxc6 dxc6 12. Be2 Nbd7 13. O-O Rac8 14. Rc1 Rfd8 15.
Qb3 Nc5 16. Qa2 e5 17. Rfd1 Bb8 18. h3 Kh8 19. a4 h6 20. Ba3 Qe6 21. Bxc5 bxc5
22. Rd2 e4 23. Rcd1 Rxd2 24. Ne1 0-1

[Event "Mistrzostwa Woj. Podkarpackiego w szacha"]
[Site "Pstragowa"]
[Date "2015.??.??"]
[Round "9.9"]
[White "Stefanski, Adam"]
[Black "Jurkiewicz, Zuzanna"]
[Result "0-1"]
[WhiteElo "1313"]
[BlackElo "1457"]
[PlyCount "90"]
[EventDate "2015.??.??"]

1. e4 e5 2. Nf3 Nc6 3. Bb5 a6 4. Bxc6 dxc6 5. Nc3 Bd6 6. d4 exd4 7. Nxd4 Ne7 8.
O-O O-O 9. f3 Ng6 10. Nde2 f5 11. exf5 Bxf5 12. Ng3 Qh4 13. Nce2 Rad8 14. Bd2
Bxg3 15. Nxg3 Qd4+ 16. Rf2 Qxb2 17. Nxf5 Rxf5 18. Rb1 Qxa2 19. Rxb7 Rb5 20.
Rxb5 cxb5 21. Re2 c5 22. Qc1 Qc4 23. Re4 Qd5 24. Ba5 Qd1+ 25. Qxd1 Rxd1+ 26.
Kf2 Kf7 27. c4 Rd6 28. cxb5 axb5 29. Ke2 Re6 30. Kd3 Ne5+ 31. Kc3 Nc4 32. Rf4+
Ke7 33. Bc7 Re3+ 34. Kc2 Kd7 35. Rf7+ Re7 36. Rxe7+ Kxe7 37. g4 Ke6 38. h4 Ne5
39. Bb6 Kd5 40. f4 Nxg4 41. Kc3 Ne3 42. Bc7 Nf5 43. Be5 g6 44. Bf6 Ke4 45. Kd2
Kxf4 0-1